Statistics for All 2020 Stat Leaders

Click here to take the quiz!

General Stats

  • This quiz has been taken 28 times
  • The average score is 66 of 105

Answer Stats

Answer% Correct
Passing TD %Packers9.1%Aaron Rodgers
100%
Passing TDsPackers48Aaron Rodgers
100%
Passer RatingPackers121.5Aaron Rodgers
100%
Lowest Pass Interception %Packers1%Aaron Rodgers
100%
Pass Completion %Packers70.7%Aaron Rodgers
100%
Adjusted Net Yards P/APackers8.89Aaron Rodgers
100%
Adjusted Yards P/APackers9.57Aaron Rodgers
100%
QBRPackers84.4Aaron Rodgers
100%
Sack %Steelers20.1%Ben Roethlisberger
100%
Passing Attempts P/GSteelers40.5Ben Roethlisberger
100%
Passes Complited P/GSteelers26.6Ben Roethlisberger
100%
Rushing AttemptsTitans378Derrick Henry
100%
Rushing YardsTitans2027Derrick Henry
100%
Yards From ScrimmageTitans2141Derrick Henry
100%
Rushing TDsTitans17Derrick Henry
100%
Rushing Tards P/GTitans126.7Derrick Henry
100%
TouchesTitans397Derrick Henry
100%
All-Purpose YardsTitans2141Derrick Henry
100%
Passing Yards P/CTexans12.6Deshaun Watson
100%
Total OffenceTexans4974Deshaun Watson
100%
Passing YardsTexans4823Deshaun Watson
100%
Passing Yards P/ATexans8.9Deshaun Watson
100%
Kick Return TDsColts1Isaiah Rodgers
100%
Pass AttemptsFalcons626Matt Ryan
100%
Passes CompletedFalcons407Matt Ryan
100%
Lowest Pass Interception %Chiefs1%Patrick Mahomes
100%
Passing Yards P/GChiefs316Patrick Mahomes
100%
ComebacksTitans5Ryan Tannehill
100%
Game Winning DrivesTitans6Ryan Tannehill
100%
Times SackedEagles50Carson Wentz
95%
Sack Yards LostEagles326Carson Wentz
95%
InterceptionsEagles15Carson Wentz
95%
Times FumbledGiants11Daniel Jones
95%
Fumble RecoversBroncos5Drew Lock
95%
InterceptionsBroncos15Drew Lock
95%
Longest PassBroncos92Drew Lock
95%
Thrown Pick sixesLions3Matthew Stafford
95%
Longest RushBuccaneers98Ronald Jones
95%
Rushing/Receiving TDsSaints21Alvin Kamara
90%
TouchdownsSaints21Alvin Kamara
90%
ReceptionsBills127Stephon Diggs
86%
Receiving YardsBills1535Stephon Diggs
86%
Net Yards P/ACowboys7.72Dak Prescott
81%
Receiving TDsPackers18Davante Adams
81%
Receiving Yards P/CPackers20.9Davante Adams
81%
Rushing Yards P/ARavens6.3Lamar Jackson
81%
Times FumbledRaiders11Derek Carr
71%
Longest ReceptionBroncos92Jerry Jeudy
67%
Tackles For LossSteelers23TJ Watt
67%
SacksSteelers15TJ Watt
67%
Interception Return YardsRams119Troy Hill
67%
Interception Return TDsRams2Troy Hill
67%
Non-Offence TDsRams3Troy Hill
67%
Yards P/TChiefs14Tyreek Hill
67%
Field Goals MadeFalcons37Younghoe Koo
67%
Points ScoredFalcons144Younghoe Koo
67%
Kick Return YardsBears1017Cordarrelle Patterson
62%
Kick Return TDsBears1Cordarrelle Patterson
62%
Kick ReturnsBears35Cordarrelle Patterson
62%
Longest Kick ReturnBears104Cordarrelle Patterson
62%
Points ScoredDolphins144Jason Sanders
62%
Fumble Return YardsCowboys78Aldon Smith
52%
Points ScoreRaiders144Daniel Carlson
52%
Extra Point AttemptsPackers63Mason Crosby
52%
Extra Points MadePackers56Mason Crosby
52%
Punt Return TDsChiefs1Mecole Hardman
52%
InterceptionsDolphins10Xavien Howard
52%
Passes DefendedDolphins20Xavien Howard
52%
Longest Interception ReturnCardinals90Budda Baker
48%
Receiving Yards P/GPackers98.1Marquez Valdes-Scantling
48%
Kick Return TDsTitans1AJ Brown
38%
Field Goal AttemptsCowboys41Greg Zuerlein
38%
Fumbles ForcedRavens8Marlon Humphrey
38%
Kick Return TDsChiefs1Byron Pringle
33%
Kick Return TDsCowboys1CeeDee Lamb
29%
Kick Return TDsRavens1Devin Duvernay
29%
Field Goal %Seahawks100%Jason Myers
29%
Fumble Return TDsPanthers2Jeremy Chinn
29%
Field Goal %Packers100%Mason Crosby
29%
Tackles SoloTexans106Zach Cunningham
29%
Tackles CombinedTexans164Zach Cunningham
29%
Punt Return TDsDolphins1Jakeem Grant
24%
Punt Return TDsLions1Jamal Agnew
24%
Kick and Punt Return YardsBills1247Andre Roberts
19%
Yards P/KRBills30Andre Roberts
19%
Kick and Punt ReturnsBills61Andre Roberts
19%
Fumble Return YardsDolphins78Andrew Van Ginkel
19%
Kick Return TDsBengals1Brandon Wilson
19%
SaftiesColts2Justin Houston
19%
Punt ReturnsColts30Nyheim Hines
19%
Punting YardsJets3598Braden Mann
14%
PuntsJets82Braden Mann
14%
Punt Return TDsEagles1Jalen Reagor
14%
Punt Return TDsJaguars1Keelan Cole
14%
Longest Punt ReturnJaguars91Keelan Cole
14%
Yards P/PBills50.8Corey Bojorquez
10%
Longest PuntBills72Corey Bojorquez
10%
Punt Return TDsBroncos1Diontae Spencer
10%
Yards P/PRPatriots17.3Gunner Olszewski
10%
Punt Return YardsPatriots346Gunner Olszewski
10%
Punt Return TDsPatrios1Gunner Olszewski
10%
Punt Return TDsBills1Isaiah McKenzie
10%
Fumble RecoversBrowns5Kareem Hunt
10%
Longest PuntBengals72Kevin Huber
10%
Punts BlockedChargers3Ty Long
10%

Score Distribution

Percentile by Number Answered

Percent of People with Each Score

Your Score History

You have not taken this quiz